00327nam a2200133Ia 4500008004100000100002100041245004200062250001200104260003300116300000800149650001400157942000700171999001500178190216s9999||||xx |||||||||||||| ||und|| aBhattacharya A B 0aEconomic Planning In India And Abroad a1st Ed. bRatan Prakashan Mandirc1979 a268 aEconomics cBK c9398d9398